Γεωμετρική βελτιστοποίηση μεταλλικών και σύνθετων ελασμάτων για την μείωση της συγκέντρωσης τάσεων : διπλωματική εργασία
Η αστοχία μηχανολογικών κατασκευών ξεκινάει σχεδόν πάντα στις περιοχές όπου υπάρχει μια ασυνέχεια στη γεωμετρία της κατασκευής. Όταν ένα δομικό στοιχείο περιέχει μια ασυνέχεια, όπως μια οπή, μια εγκοπή ή μια ξαφνική αλλαγή της διατομής του, οι τάσσεις που αναπτύσσονται κοντά στην ασυνέχεια αυτή είνα...
Αποθηκεύτηκε σε:
| Κύριος συγγραφέας: | |
|---|---|
| Συγγραφή απο Οργανισμό/Αρχή: | |
| Μορφή: | Thesis Βιβλίο |
| Γλώσσα: | Greek |
| Δημοσίευση: |
2010.
|
| Θέματα: | |
| Διαθέσιμο Online: | http://hdl.handle.net/11610/21931 |
| Ετικέτες: |
Προσθήκη ετικέτας
Δεν υπάρχουν, Καταχωρήστε ετικέτα πρώτοι!
|
MARC
| LEADER | 00000cam a2200000 a 4500 | ||
|---|---|---|---|
| 001 | 1/113969 | ||
| 008 | 170516s2010####gr | ||| |||| ||gre|| | ||
| 040 | |a GR-MyUa |b gre |c GR-MyUa |e AACR2 | ||
| 041 | 0 | |a gre | |
| 082 | 7 | |a 624.17713 |2 (23) | |
| 100 | 1 | |a Κοζανίδη, Μαρίνα. | |
| 245 | 1 | 0 | |a Γεωμετρική βελτιστοποίηση μεταλλικών και σύνθετων ελασμάτων για την μείωση της συγκέντρωσης τάσεων : |b διπλωματική εργασία / |c Κοζανίδη Μαρίνα ; επιβλέπων Παπανίκος Παρασκευάς. |
| 260 | |c 2010. | ||
| 300 | |a 52 σ. : |b εικ. ; |c 30 εκ. | ||
| 502 | |a Διατριβή (μεταπτυχιακή) - Πανεπιστήμιο Αιγαίου, Σύρος, 2010. | ||
| 504 | |a Βιβλιογραφία: σ. 52. | ||
| 520 | 8 | |a Η αστοχία μηχανολογικών κατασκευών ξεκινάει σχεδόν πάντα στις περιοχές όπου υπάρχει μια ασυνέχεια στη γεωμετρία της κατασκευής. Όταν ένα δομικό στοιχείο περιέχει μια ασυνέχεια, όπως μια οπή, μια εγκοπή ή μια ξαφνική αλλαγή της διατομής του, οι τάσσεις που αναπτύσσονται κοντά στην ασυνέχεια αυτή είναι πολύ μεγάλες. Το φαινόμενο αυτό ονομάζεται συγκέντρωση τάσεων και το κύριο μέλημα του σχεδιαστή μηχανολογικών κατασκευών είναι η μείωση της συγκέντρωσης τάσεων με σκοπό τη μείωση του βάρους και του κόστους υλικού της κατασκευής. Ένας από τους τρόπους που έχουν προταθεί για τη μείωση της συγκέντρωσης τάσεων, λόγω της παρουσίας οπών, είναι η δημιουργία βοηθητικών οπών γύρω από τις κύριες οπές. Η ύπαρξη των βοηθητικών οπών σε συγκεκριμένη διάταξη οδηγεί στη μείωση των τάσεων στις κύριες οπές ενώ οι τάσεις στις βοηθητικές οπές είναι μικρότερες. Έχει βρεθεί ότι το μέγεθος και η θέση των βοηθητικών οπών επηρεάζουν σημαντικά τη μείωση των τάσεων και έχει γίνει προσπάθεια υπολογισμού των βέλτιστων θέσεων με παραμετρικές αναλύσεις πεπερασμένων στοιχείων. Οι μελέτες αυτές επικεντρώνονται στα μεταλλικά υλικά και πολύ λίγες μελέτες έχουν ασχοληθεί με τα σύνθετα υλικά. Συγχρόνως, δεν έχουν γίνει προσπάθειες βελτιστοποίησης του μεγέθους και της θέσης των βοηθητικών οπών χρησιμοποιώντας αυτόματους αλγόριθμους βελτιστοποίησης, οι οποίοι προσφέρονται από τα σύγχρονα προγράμματα πεπερασμένων στοιχείων. Ένα από τα πιο δημοφιλή λογισμικά που χρησιμοποιούνται ευρέως για την ανάλυση κατασκευών είναι τα Pro-Engineer/Mechanica. Μία από τις βασικές χρήσεις του λογισμικού είναι και η γεωμετρική βελτιστοποίηση προϊόντων και κατασκευών με σκοπό την ελαχιστοποίηση των τάσεων ή/και του όγκου του υλικού που απαιτείται και συνεπώς την ελαχιστοποίηση του κόστους. Το πρόγραμμα προσφέρει τη δυνατότητα στο χρήστη να αναζητήσει εύκολα και γρήγορα βέλτιστες λύσεις για μια κατασκευή θέτοντας παραμέτρους, περιορισμούς και στόχους, κάτι που είναι εξαιρετικά χρονοβόρο και επίπονο να επιτευχθεί με αναλυτικό τρόπο. | |
| 650 | 0 | |a Dissertations, Academic |z Greece. | |
| 650 | 0 | |a Structural optimization. | |
| 650 | 0 | |a Structural analysis (Engineering) | |
| 650 | 0 | |a Stress concentration. | |
| 700 | 1 | |a Παπανίκος, Παρασκευάς, |e dgs | |
| 710 | 2 | |a Πανεπιστήμιο Αιγαίου. |b Σχολή Θετικών Επιστημών. |b Τμήμα Μηχανικών Σχεδίασης Προϊόντων και Συστημάτων. | |
| 852 | |a INST |b SYROS |c DIATR |e 20170517 |h 624.17713 ΚΟΖ |p 005500013055 |q 005500013055 |t MTXE |y 23 | ||
| 852 | |a INST |b SYROS |c DIATR |e 20170517 |h 624.17713 ΚΟΖ |p 005500013056 |q 005500013056 |t MTXE |y 23 | ||
| 856 | |u http://hdl.handle.net/11610/21931 | ||
| 924 | |a Κοζανίδη |b Μαρίνα |y Σύρος |z 2017-05 | ||
| 970 | |a Κοντού |b Παρασκευή |z 16/05/2017 | ||